LEADER 01351 am 2200481 n 450 001 9910330708703321 005 20190411 010 $a2-37154-104-4 024 7 $a10.4000/books.iheal.7795 035 $a(CKB)4100000008710899 035 $a(FrMaCLE)OB-iheal-7795 035 $a(oapen)https://directory.doabooks.org/handle/20.500.12854/50742 035 $a(PPN)237720205 035 $a(EXLCZ)994100000008710899 100 $a20190715j|||||||| ||| 0 101 0 $afre 135 $auu||||||m|||| 181 $ctxt$2rdacontent 182 $cc$2rdamedia 183 $acr$2rdacarrier 200 10$aItinéraire de Buenos-Aires à Lima /$fAlonso Carrió de la Vandera 210 $aParis $cÉditions de l?IHEAL$d2019 215 $a1 online resource (294 p.) 606 $aHistory 606 $aLiterature American 606 $avoyage 606 $arécit 606 $aécriture 610 $aécriture 610 $arécit 610 $avoyage 615 4$aHistory 615 4$aLiterature American 615 4$avoyage 615 4$arécit 615 4$aécriture 700 $aCarrió de la Vandera$b Alonso$0395392 701 $aBataillon$b Marcel$0291609 801 0$bFR-FrMaCLE 906 $aBOOK 912 $a9910330708703321 996 $aItinéraire de Buenos-Aires à Lima$93025544 997 $aUNINA